Biggest Countries of the Americas - Statistics

General Stats
  • This quiz has been taken 182 times
  • The average score is 19 of 20
Answer Stats
Area (km2) Country % Correct
2,780,400 Argentina
100%
8,514,877 Brazil
100%
9,984,670 Canada
99%
1,972,550 Mexico
99%
9,629,091 USA
99%
756,102 Chile
98%
1,285,216 Peru
98%
1,098,581 Bolivia
97%
1,138,910 Colombia
96%
406,752 Paraguay
96%
912,050 Venezuela
95%
283,561 Ecuador
93%
75,517 Panama
93%
176,215 Uruguay
93%
112,492 Honduras
91%
130,375 Nicaragua
91%
109,884 Cuba
90%
214,969 Guyana
90%
163,820 Suriname
90%
108,889 Guatemala
88%
No matching quizzes found
Score Distribution
Percent of People with Each Score
Percentile by Number Answered
Your Score History
You have not taken this quiz